Komünist (Record no. 3402)

MARC details
000 -BAŞLIK
Sabit Uzunlukta Kontrol Alanı 00734na a2200265 4500
001 - KONTROL NUMARASI
Denetim Alanı 14264
003 - KONTROL NUMARASI IDENTIFIER
Denetim Alanı MIRAKIL
005 - SON İŞLEM TARİHİ VE ZAMANI
Denetim Alanı 20181213154930.0
008 - SABİT-BOY VERİ ELEMANLARI - GENEL BİLGİLER
Sabit Uzunlukta Kontrol Alanı 161028b tu 000 0
020 ## - ULUSLARARASI STANDART KİTAP NUMARASI
Uluslararası Standart Kitap Numarası 9753083475
035 ## - SİSTEM KONTROL NUMARASI
Sistem Kontrol Numarası 14264
040 ## - KATALOGLAMA KAYNAK
Orijinal Kataloglama Ajansı Milas
Kataloglama Dili tur
Metne Dönüştürmek Ajansı TR-AnCHP
041 ## - DİL KODU
Metin / Ses Parça Veya Ayrı Başlığın Dil Kodu tur
082 ## - DEWEY ONLU SINIFLANDIRMA NUMARASI
Sınıflandırma Numarası 928 Türkali,V.
Ürün Numarası T96k 2001
090 ## - SINIFLAMA NUMARASI
Sınıflama Numarası 928 Türkali,V. T96k 2001
100 ## - ANA GİRİŞ - KİŞİSEL İSİM
Kişisel Ad Türkali, Vedat
Bir Adıyla İlişkilendirilen Tarihler 1919-
245 ## - BAŞLIK TABLOSU
Başlık Komünist
Sorumluluk Tablosu, Vb Vedat Türkali
260 ## - YAYIN, DAĞITIM, VB
Yayın, Dağıtım, Vb Yeri İstanbul
Yayıncı, Dağıtıcı, Vs Adı Gendaş Kültür
Yayın, Dağıtım, Vb Tarihi 2001
300 ## - FİZİKSEL TANIM
Kapsam 134 s.
Boyutlar 19 sm.
440 ## - SERİSİ TABLOSU / KATMA GİRİŞİ - BAŞLIK
Başlık Gendaş Kültür Yeni Seri
Hacim / Ardışık Tanımı 288
490 ## - SERİSİ TABLOSU
Seri Beyanı Türk Edebiyat dizisi
-- 38
600 ## - KONU KATMA GİRİŞ - KURUMSAL ADI
Kişisel Ad Türkali, Vedat
Bir Adıyla İlişkilendirilen Tarihler 1919-
Genel Alt Bölümü Anılar
650 ## - KONU KATMA GİRİŞ - TOPİKAL DÖNEM
Topikal Süreli Veya Coğrafi Ad Giriş Elemanı Komünist yazarlar
Genel Alt Bölümü Anılar
942 ## - EKLENDİ GİRİŞ ELEMANLARI (KOHA)
Sınıflandırma Veya Raf Düzeni Kaynak Dewey Decimal Classification
Koha Öğesi Türü Books
999 ## - SİSTEM KONTROL NUMARALARI (KOHA)
Koha Biblionumber 3402
Koha Biblioitemnumber 3402
Holdings
Kalıcı Konum Mevcut Konum Edinme Tarihi Edinim Kaynak Toplam Check-Out'Lar Tam Çağrı Numarası Barkod Tarih Son Görülme İtibaren Geçerli Fiyatlar Koha Öğesi Türü
CHP Kütüphanesi CHP Kütüphanesi 08/25/2016 Bağış   928 Türkali,V. T96k 2001 002087 08/25/2016 08/25/2016 Books